Movies Quiz

Random Movies or Quote Quiz

Loki Quotes: Thor Quiz Stats

 Plays Quiz not verified by Sporcle

Score 0/23 Timer 05:00
0 Plays Today
Quote Fill in the Blank % Correct
No, you took me for a purpose, _____ ___ ___? what was it?
71.8%
____ _____ ______ that parents tell their children about at night? I'm the monster
71.8%
I never wanted the throne. I only ____ _____ __ __ ______ _________. ever wanted to be your equal.
62.7%
If you destroy the bridge ______ ______ ____ ___ _______. you'll never see her again.
62.5%
___ ______ wasn't the only thing you took from Jotunheim, was it? The casket
59.6%
Do the____ ______ still live? frost giants
59.3%
I could have done it father. I could have done it ____ ______, ______ ____ ___ ____. for you, for all of us.
58.1%
__ __ ________. Is it? Is it? Is it madness?
57.1%
Thor, it's ________. madness.
49.5%
To prove to father that __ ___ _ ______ ____. I am a worthy son.
48.5%
__ ___ _____ _______. I never was. I'm not your brother.
47.2%
Am I ______? cursed?
44.3%
Quote Fill in the Blank % Correct
You have great power, Heimdall. Did Odin _____ _______ _____? ever fear you?
39.3%
You know it all makes sense now, ______ ____ ____________ _____ _____ ______ _________. why you favored Thor all these years.
39%
_____ _____ ____ ____ ____ love for the Frost Giants? What is this new found
37%
It'll come ___ ____.in time
36.4%
If it's any conciliation, ___ ______ ____ ______. I think you're right.
27.8%
My first command ______ __ __ _____ ___ _________ _______. cannot be to undo the All-Father's last.
26.6%
You can't stop it. The BiFrost ____ _____ until it rips Jotunheim apart. will build
22.1%
I love Thor more dearly than any of you, but he's _________ ___________, ____ ____________.arrogant, reckless, and dangerous.
20.1%
The burden of the throne ___ ______ ____ ____ ______.has fallen unto me now.
13%
______ ___ ______ _____ ______ after many years of service. Maybe your senses have weakened
11%
There's nothing you could do ______ ______ ______.that'll deny father.
8.1%

You're not logged in!

Compare scores with friends on all Sporcle quizzes.
OR
Log In

Show Comments

Extras

Created Feb 22, 2014ReportNominate
Tags:Quote Quiz, blank, thor

Top Quizzes Today


Score Distribution

Your Account Isn't Verified!

In order to create a playlist on Sporcle, you need to verify the email address you used during registration. Go to your Sporcle Settings to finish the process.

Report this User

Report this user for behavior that violates our Community Guidelines.

Details: